Alte Fußballwappen - Statistiken

Allgemein
  • Dieses Quiz wurde 252 mal gespielt
  • Das Durchschnittsergebnis liegt bei 12 aus 16
Antwortstatistiken
Bildquiz Antwort % Korrekt
FC Schalke 04
99%
Werder Bremen
99%
Inter Mailand
98%
Paris Saint-Germain
98%
Bayer 04 Leverkusen
97%
FC Arsenal
92%
Benfica Lissabon
87%
AC Mailand
85%
Bayern München
85%
FC Chelsea
80%
Olympique Marseille
67%
VfB Stuttgart
65%
FC Barcelona
54%
Club Brügge
52%
FC Porto
41%
Real Madrid
28%
Keine übereinstimmenden Quizze gefunden
Verteilung der Resultate
Anzahl Personen mit jedem Resultat
Perzentil nach korrekt beantworteten Fragen
Ihre Resultats-Entwicklung
Sie haben dieses Quiz noch nicht gespielt